| 000 | 00417nam a22001577a 4500 | ||
|---|---|---|---|
| 003 | MPLRDC | ||
| 005 | 20220104125113.0 | ||
| 008 | 210129b ||||| |||| 00| 0 eng d | ||
| 082 | _a293.26 JMWW | ||
| 100 | _a将门文物出版有限公司编辑部 | ||
| 245 |
_a血型与占星术 _c |
||
| 260 |
_a _b将门文物出版有限公司 _c1991 |
||
| 300 | _b平 | ||
| 650 | _a相书--血型 | ||
| 942 |
_cBK _o293.26 JMWW |
||
| 999 |
_c24682 _d24672 |
||